000 00534nam a2200229Ia 4500
003 OSt
005 20220924142637.0
006 a|||||r|||| 00| 0
007 ta
008 ASM
024 _a302808
037 _cTextual
040 _aARTS
_cARTS
_bASM
041 _2ASM
_aASM
082 _aY:351.261, 158N4
100 _aGogoi Lila
_9213823
245 0 _aTai sanskritir ruprekha
260 _c1974
650 _aSOCIOLOGY
942 _hY:351.261, 158N4
_cTEXL
_2CC
999 _c451480
_d451480